Komentár o vyhláške Ministerstva financií SR č.55/1994 Z.z.

Komentár k vyhláške MF SR z 22.2.1994 č.55/1994 Z.z. o spôsobe vedenia evidencie tržieb elektronickou registračnou pokladnicou v znení vyhlášky č.59/1995 Z.z. a č.353/1996 Z.z.

Gespeichert in:
Bibliographische Detailangaben
Format: Buchkapitel
Sprache:Slowakisch
Schlagworte:
Tags: Tag hinzufügen
Keine Tags, Fügen Sie das erste Tag hinzu!

MARC

LEADER 00000naa a2200000 4500
001 r025243
005 20230912103945.1
041 0 |a slo 
044 |a SK 
245 1 0 |a Komentár o vyhláške Ministerstva financií SR č.55/1994 Z.z. 
520 |a Komentár k vyhláške MF SR z 22.2.1994 č.55/1994 Z.z. o spôsobe vedenia evidencie tržieb elektronickou registračnou pokladnicou v znení vyhlášky č.59/1995 Z.z. a č.353/1996 Z.z. 
610 2 0 |a pokladnice kontrolné 
610 2 0 |a tržby 
610 2 0 |a vyhlášky 
610 2 0 |a MF SR Bratislava 
610 2 0 |a 1994 
610 2 0 |a komentáre